000 00472nam a2200169Ia 4500
008 090122s9999 xx 000 0 und d
082 _b2089
_a891.463
100 _aमोडक
_b
_c
245 _aजय यौधेय
260 _bप्रज्ञा पाठशाळा मंडळ
_c1946
300 _a292
600 _aमोडक
630 _aजय यौधेय
700 _aमोडक
730 _aजय यौधेय
942 _cBOOK
999 _c26167
_d26167